[Event "SLO-ch U10 Girls"]
[Site "Postojna"]
[Date "2008.02.28"]
[Round "6"]
[White "Junez, Janja"]
[Black "Ramus, Julija Cvetkov"]
[Result "1-0"]
[WhiteElo "1500"]
[BlackElo "1500"]
[PlyCount "57"]
[EventDate "2008.02.24"]
[EventType "swiss"]
[EventRounds "9"]
[EventCountry "SLO"]
[SourceTitle "EXT 2010"]
[Source "ChessBase"]
[SourceDate "2010.11.25"]
[SourceVersion "1"]
[SourceVersionDate "2010.11.25"]
[SourceQuality "1"]

1. e4 e5 2. Nf3 Nc6 3. Nc3 Nf6 4. Bc4 Be7 5. 0-0 0-0 6. d3 Bc5 7. Ng5 h6 8. Nxf7 Rxf7 9. Bxf7+ Kxf7 10. Nb5 a6 11. c3 axb5 12. Qb3+ Kf8 13. Qxb5 Be7 14. d4 Na7 15. Qa5 b6 16. Qa4 d6 17. f3 Bd7 18. Qd1 Bc6 19. d5 Nxd5 20. exd5 Bb5 21. Re1 c6 22. f4 Bc4 23. fxe5 cxd5 24. Qf3+ Bf6 25. exf6 gxf6 26. Bxh6+ Kf7 27. Qh5+ Kg8 28. Qg6+ Kh8 29. Qg7# 1-0

[Event "SLO-ch U10 Girls"]
[Site "Postojna"]
[Date "2008.02.28"]
[Round "7"]
[White "Zupevc, Lucija"]
[Black "Junez, Janja"]
[Result "1-0"]
[WhiteElo "1500"]
[BlackElo "1500"]
[PlyCount "75"]
[EventDate "2008.02.24"]
[EventType "swiss"]
[EventRounds "9"]
[EventCountry "SLO"]
[SourceTitle "EXT 2010"]
[Source "ChessBase"]
[SourceDate "2010.11.25"]
[SourceVersion "1"]
[SourceVersionDate "2010.11.25"]
[SourceQuality "1"]

1. e4 e5 2. Nf3 Nc6 3. Bc4 Nf6 4. Ng5 Qe7 5. Nxf7 Rg8 6. Nd6+ cxd6 7. Bxg8 Nxg8 8. Nc3 Nb4 9. a3 Nc6 10. Nb5 Qd8 11. d4 a6 12. d5 axb5 13. dxc6 Qa5+ 14. Qd2 Qa4 15. Qb4 Qxc2 16. 0-0 bxc6 17. f4 c5 18. Qe1 Nf6 19. Qh4 h6 20. Qf2 Qxe4 21. Qf3 Qd4+ 22. Be3 Qa4 23. b3 Qxb3 24. Qxa8 Qxe3+ 25. Kh1 exf4 26. Qxc8+ Ke7 27. Rae1 Nd5 28. Rxe3+ Nxe3 29. Rxf4 Nd1 30. Qxf8+ Ke6 31. Rf1 Ne3 32. Re1 Kd5 33. Rxe3 Kd4 34. Qe8 c4 35. Qe4+ Kc5 36. Rc3 b4 37. axb4+ Kxb4 38. Qxc4+ 1-0

[Event "SLO-ch U10 Girls"]
[Site "Postojna"]
[Date "2008.02.25"]
[Round "2"]
[White "Junez, Janja"]
[Black "Unuk, Laura"]
[Result "0-1"]
[WhiteElo "1500"]
[BlackElo "1500"]
[PlyCount "36"]
[EventDate "2008.02.24"]
[EventType "swiss"]
[EventRounds "9"]
[EventCountry "SLO"]
[SourceTitle "EXT 2010"]
[Source "ChessBase"]
[SourceDate "2010.11.25"]
[SourceVersion "1"]
[SourceVersionDate "2010.11.25"]
[SourceQuality "1"]

1. e4 e5 2. Nf3 Nc6 3. Nc3 Nf6 4. Bc4 Bc5 5. d3 d6 6. Bg5 h6 7. Bc1 Bg4 8. h3 Bh5 9. g4 Bg6 10. Nh4 Ne7 11. Nb5 a6 12. Nc3 h5 13. Bb3 Qd7 14. Ba4 b5 15. Bb3 hxg4 16. hxg4 Qxg4 17. f3 Qg3+ 18. Kf1 Qf2# 0-1